Los detectives salvajes
Guardat en:
| Autor principal: | |
|---|---|
| Format: | Llibre |
| Idioma: | espanyol |
| Publicat: |
Barcelona
Anagrama
2000
|
| Col·lecció: | Colección Compactos, 232
|
| Matèries: | |
| Etiquetes: |
Afegir etiqueta
Sense etiquetes, Sigues el primer a etiquetar aquest registre!
|
MARC
| LEADER | 00000cam a2200000 a 4500 | ||
|---|---|---|---|
| 001 | UCM0470 | ||
| 003 | CL-VaPUC | ||
| 008 | 020301e20000000SP |||||||||||||||||spa|d | ||
| 020 | |a 8433966634 | ||
| 082 | 0 | 4 | |a Ch863 |b BOL |2 21 |
| 100 | 0 | |a Bolaño, Roberto |e author |9 467277 | |
| 245 | 1 | 4 | |a Los detectives salvajes |
| 300 | |a 609 p | ||
| 942 | |c BK | ||
| 945 | |d 20020301 00:00:00 |a cmena | ||
| 260 | |a Barcelona |b Anagrama |c 2000 | ||
| 650 | 0 | |a Novelas chilenas |9 265425 | |
| 650 | 0 | |a Literatura chilena contemporánea |9 455005 | |
| 583 | |a last modification |c 20171016 10:38:10 |k Rodrigo Vera | ||
| 490 | 0 | |a Colección Compactos, 232 | |
| 999 | |c 299375 |d 299373 | ||
| 952 | |0 0 |1 0 |4 0 |6 CH_863_000000000000000_BOL_2000 |7 0 |8 A |9 355881 |a FDOPOS |b FDOPOS |d 2019-11-21 |i 3794504 |o Ch863 BOL 2000 |p 3794504 |r 2025-01-22 |w 2019-11-21 |y BK |k MLH | ||
| 952 | |0 0 |1 0 |4 0 |6 CH_863_000000000000000_BOL_2000 |7 0 |8 R |9 355882 |a BIBEDU |b BIBEDU |d 2019-11-21 |i 4174836 |o Ch863 BOL 2000 |p 4174836 |r 2019-11-21 |w 2019-11-21 |y BK_R |k LIT | ||
| 952 | |0 0 |1 0 |4 0 |6 CH_863_000000000000000_BOL_2000 |7 0 |8 R |9 355883 |a BIBEDU |b BIBEDU |d 2019-11-21 |i 4210743 |o Ch863 BOL 2000 |p 4210743 |r 2019-11-21 |w 2019-11-21 |y BK_R |k LIT | ||
| 952 | |0 0 |1 0 |4 0 |6 CH_863_000000000000000_BOL_2000 |7 0 |8 R |9 355884 |a BIBEDU |b BIBEDU |d 2019-11-21 |i 4699017 |o Ch863 BOL 2000 |p 4699017 |r 2019-11-21 |w 2019-11-21 |y BK_R |k LIT | ||
| 952 | |0 0 |1 0 |4 0 |6 CH_863_000000000000000_BOL_2000 |7 0 |8 R |9 355885 |a BIBEDU |b BIBEDU |d 2019-11-21 |i 4699025 |o Ch863 BOL 2000 |p 4699025 |r 2019-11-21 |w 2019-11-21 |y BK_R |k LIT | ||
| 952 | |0 0 |1 0 |3 erb |4 0 |6 CH_863_000000000000000_BOL_2000 |7 0 |8 R |9 355886 |a BIBEDU |b BIBEDU |c MCIRC |i 5429730 |l 22 |m 3 |o Ch863 BOL 2000 |p 5429730 |r 2023-04-10 |s 2023-04-04 |w 2019-11-21 |y BK_R |z Catalogado en:20171020 |k LIT | ||